MICROECONOMICS (Record no. 215896)

MARC details
000 -LEADER
fixed length control field 00541nam a22001937a 4500
008 - FIXED-LENGTH DATA ELEMENTS--GENERAL INFORMATION
fixed length control field 250715b |||||||| |||| 00| 0 eng d
020 ## - INTERNATIONAL STANDARD BOOK NUMBER
International Standard Book Number 978-14737-2539-3
050 ## - LIBRARY OF CONGRESS CALL NUMBER
Classification number HB 172 .M36 2017
Item number 109211
100 ## - MAIN ENTRY--PERSONAL NAME
Personal name MANKIW,GREGORY N.
245 ## - TITLE STATEMENT
Title MICROECONOMICS
250 ## - EDITION STATEMENT
Edition statement 4TH EDITION
260 ## - PUBLICATION, DISTRIBUTION, ETC.
Place of publication, distribution, etc. LONDON
Name of publisher, distributor, etc. ANNABEL AINSCOW
Date of publication, distribution, etc. 2018
300 ## - PHYSICAL DESCRIPTION
Extent III-423P.
500 ## - GENERAL NOTE
General note IT HAS BIBLIOGRAPHY INCLUDING GLOSSARY,INDEX AND LIST OF FORMULAS
650 ## - SUBJECT ADDED ENTRY
Topical term or geographic name entry element ECONOMICS
700 ## - ADDED ENTRY--PERSONAL NAME
Personal name TAYLOR MARK P.
942 ## - ADDED ENTRY ELEMENTS (KOHA)
Source of classification or shelving scheme Library of Congress Classification
Koha item type Long Loan Book
Holdings
Withdrawn status Lost status Source of classification or shelving scheme Damaged status Not for loan Collection Home library Current library Shelving location Date acquired Inventory number Total checkouts Full call number Barcode Date last seen Date last checked out Copy number Price effective from Koha item type
    Library of Congress Classification     Business & Economics Kisii University Library Kisii University Library On Display 07/15/2025 109211 2 HB 172.M36 2017 000000017511 10/21/2025 10/09/2025 C.1 07/15/2025 Long Loan Book
    Library of Congress Classification     Business & Economics Kisii University Library Kisii University Library On Display 07/15/2025 109212   HB 172.M36 2017 0000000175 07/15/2025   2 07/15/2025 Long Loan Book
    Library of Congress Classification     Business & Economics Kisii University Library Kisii University Library On Display 07/15/2025 109213   HB 172.M36 2017   07/15/2025   3 07/15/2025 Long Loan Book
    Library of Congress Classification     Business & Economics Kisii University Library Kisii University Library On Display 07/15/2025 109214 1 HB 172.M36 2017 000000017516 12/03/2025 11/21/2025 4 07/15/2025 Long Loan Book
    Library of Congress Classification     Business & Economics Kisii University Library Kisii University Library On Display 07/15/2025 109215   HB 172.M36 2017 000000018033 07/15/2025   5 07/15/2025 Long Loan Book
    Library of Congress Classification     Business & Economics Kisii University Library Kisii University Library On Display 07/15/2025 109216   HB 172.M36 2017 000000018037 07/15/2025   6 07/15/2025 Long Loan Book
    Library of Congress Classification     Business & Economics Kisii University Library Kisii University Library On Display 07/15/2025 109217   HB 172.M36 2017 000000018036 07/15/2025   7 07/15/2025 Long Loan Book
    Library of Congress Classification     Business & Economics Kisii University Library Kisii University Library On Display 07/15/2025 109218 1 HB 172.M36 2017 000000018035 02/08/2026 12/16/2025 8 07/15/2025 Long Loan Book
    Library of Congress Classification     Business & Economics Kisii University Library Kisii University Library On Display 07/15/2025 109219   HB 172.M36 2017 000000018034 10/02/2025   9 07/15/2025 Long Loan Book